[Event "Valencia op 7th"]
[Site "Valencia"]
[Date "2014.01.04"]
[Round "6"]
[White "Barrachina Blanco, Francisco"]
[Black "Penalba Navarro, Hector"]
[Result "1-0"]
[WhiteElo "1679"]
[BlackElo "1309"]
[PlyCount "43"]
[EventDate "2014.01.02"]
[EventType "swiss"]
[EventRounds "7"]
[EventCountry "ESP"]
[SourceTitle "CBM 158 Extra"]
[Source "ChessBase"]
[SourceDate "2014.02.28"]
[SourceVersion "1"]
[SourceVersionDate "2014.02.28"]
[SourceQuality "1"]

1. e4 e5 2. Nf3 Nc6 3. Bb5 Nf6 4. 0-0 g6 5. c3 a6 6. Ba4 b5 7. Bb3 Bg7 8. d3 d6 9. h3 0-0 10. Bg5 Qe8 11. Nh2 Be6 12. f4 Rd8 13. Qe2 h6 14. Bh4 Bxb3 15. axb3 Ra8 16. Nd2 b4 17. Kh1 exf4 18. Bxf6 Bxf6 19. Rxf4 Bg5 20. Rf2 Bxd2 21. Qxd2 Na5 22. Rxa5 1-0

[Event "Valencia op 7th"]
[Site "Valencia"]
[Date "2014.01.03"]
[Round "4"]
[White "Penalba Navarro, Hector"]
[Black "Costa Grau, Adrian"]
[Result "0-1"]
[WhiteElo "1309"]
[BlackElo "1569"]
[PlyCount "40"]
[EventDate "2014.01.02"]
[EventType "swiss"]
[EventRounds "7"]
[EventCountry "ESP"]
[SourceTitle "CBM 158 Extra"]
[Source "ChessBase"]
[SourceDate "2014.02.28"]
[SourceVersion "1"]
[SourceVersionDate "2014.02.28"]
[SourceQuality "1"]

1. d4 Nf6 2. Bf4 g6 3. e3 Bg7 4. h4 d6 5. Bd3 Nbd7 6. h5 Nxh5 7. Rxh5 gxh5 8. Qxh5 Nf6 9. Qh4 Be6 10. Qg5 Rg8 11. Nc3 d5 12. Nb5 Kf8 13. Nxc7 Rc8 14. Nxe6+ fxe6 15. Nf3 Qa5+ 16. c3 Rxc3 17. Ke2 Qb4 18. Rb1 Rxd3 19. a3 Qc4 20. Kf1 Rd1# 0-1